| 000 | 01171nam a2200301Ia 4500 | ||
|---|---|---|---|
| 001 | ebr10515838 | ||
| 003 | CaPaEBR | ||
| 006 | m u | ||
| 007 | cr cn||||||||| | ||
| 008 | 111102s2012 enka s 001 0 eng d | ||
| 020 | _z9780470977422 | ||
| 020 | _z9780470977989 | ||
| 040 |
_aCaPaEBR _cCaPaEBR |
||
| 035 | _a(OCoLC)769190352 | ||
| 050 | 1 | 4 |
_aQA76.3 _b.S65 2012eb |
| 100 | 1 | _aSmith, Andrew. | |
| 245 | 1 | 0 |
_aCompTIA strata study guide _h[electronic resource] / _cAndrew Smith, Faithe Wempen. |
| 260 |
_aChichester, West Sussex : _bJohn Wiley, _cc2012. |
||
| 300 |
_aliii, 441 p. : _bill. |
||
| 500 | _aIncludes index. | ||
| 533 |
_aElectronic reproduction. _bPalo Alto, Calif. : _cebrary, _d2011. _nAvailable via World Wide Web. _nAccess may be limited to ebrary affiliated libraries. |
||
| 650 | 0 |
_aElectronic data processing personnel _xCertification. |
|
| 650 | 0 |
_aComputer networks _xExaminations _vStudy guides. |
|
| 655 | 7 |
_aElectronic books. _2local |
|
| 700 | 1 | _aWempen, Faithe. | |
| 710 | 2 | _aebrary, Inc. | |
| 856 | 4 | 0 |
_uhttp://site.ebrary.com/lib/rucke/Doc?id=10515838 _zAn electronic book accessible through the World Wide Web; click to view |
| 999 |
_c121687 _d121687 |
||